中国人均电商销量最高的省区 China provinces with highest E-commerce sales per capita - Statistics

General Stats
  • This quiz has been taken 93 times
  • The average score is 8 of 10
Answer Stats
人均电商销量 省区 % Correct
16.00 上海
99%
16.85 北京
96%
2.76 浙江
95%
2.65 江苏
94%
3.75 广东
93%
5.12 天津
83%
2.39 山东
81%
2.02 福建
79%
4.42 重庆
75%
1.86 内蒙古
11%
No matching quizzes found
Score Distribution
Percent of People with Each Score
Percentile by Number Answered
Your Score History
You have not taken this quiz